000 00212nam a2200097Ia 4500
008 170619s9999 xx 000 0 und d
100 _aGupta J B
245 0 _aElectrical Engg.
260 _bS K Kataria
260 _c2003
546 _aENGLISH
999 _c16685
_d16685